Statistiken für Ortschaften im Kanton Thurgau

Klicken Sie hier um das Quiz zu spielen!

Allgemein

  • Dieses Quiz wurde 30 mal gespielt
  • Das Durchschnittsergebnis liegt bei 78 aus 324

Antworten auf der Karte

Die Antworten werden auf der Karte rot bzw. grün angezeigt, abhängig davon wie oft sie richtig erraten wurden.
 

Antwortstatistiken

HintAntwort% Korrekt
Gemeinde FrauenfeldFrauenfeld
88%
Gemeinde KreuzlingenKreuzlingen
88%
Gemeinde ArbonArbon
81%
Gemeinde BergBerg
81%
Gemeinde RomanshornRomanshorn
81%
Gemeinde AmriswilAmriswil
75%
Gemeinde WeinfeldenWeinfelden
75%
Gemeinde AadorfAadorf
63%
Gemeinde FischingenAu
63%
Gemeinde EschlikonEschlikon
63%
Gemeinde HornHorn
63%
Gemeinde TägerwilenTägerwilen
63%
Gemeinde Bichelsee-BalterswilBalterswil
56%
Gemeinde Bichelsee-BalterswilBichelsee
56%
Gemeinde BischofszellBischofszell
56%
Gemeinde DiessenhofenDiessenhofen
56%
Gemeinde ErlenErlen
56%
Gemeinde ErmatingenErmatingen
56%
Gemeinde FischingenFischingen
56%
Gemeinde GachnangGachnang
56%
Gemeinde MärstettenMärstetten
56%
Gemeinde MünsterlingenMünsterlingen
56%
Gemeinde SirnachSirnach
56%
Gemeinde SulgenSulgen
56%
Gemeinde WängiWängi
56%
Gemeinde Bürglen | Gemeinde FischingenBürglen
50%
Gemeinde FischingenDussnang
50%
Gemeinde Felben-WellhausenFelben-Wellhausen
50%
Gemeinde Aadorf | Gemeinde BergGuntershausen
50%
Gemeinde Egnach | Gemeinde LengwilLengwil
50%
Gemeinde LommisLommis
50%
Gemeinde MüllheimMüllheim
50%
Gemeinde MünchwilenMünchwilen
50%
Gemeinde SommeriSommeri
50%
Gemeinde SteckbornSteckborn
50%
Gemeinde WigoltingenWigoltingen
50%
Gemeinde BerlingenBerlingen
44%
Gemeinde EgnachEgnach
44%
Gemeinde HüttlingenHüttlingen
44%
Gemeinde GachnangIslikon
44%
Gemeinde Kradolf-SchönenbergKradolf
44%
Gemeinde MammernMammern
44%
Gemeinde AffeltrangenMärwil
44%
Gemeinde MatzingenMatzingen
44%
Gemeinde HüttlingenMettendorf
44%
Gemeinde Kradolf-SchönenbergSchönenberg an der Thur
44%
Gemeinde Egnach | Gemeinde HerdernWilen
44%
Gemeinde WilenWilen b. Wil
44%
Gemeinde Hauptwil-GottshausWilen (Gottshaus)
44%
Gemeinde AffeltrangenAffeltrangen
38%
Gemeinde AltnauAltnau
38%
Gemeinde BottighofenBottighofen
38%
Gemeinde BraunauBraunau
38%
Gemeinde BussnangBussnang
38%
Gemeinde GottliebenGottlieben
38%
Gemeinde GüttingenGüttingen
38%
Gemeinde HomburgHomburg
38%
Gemeinde KesswilKesswil
38%
Gemeinde LangrickenbachLangrickenbach
38%
Gemeinde AmriswilOberaach
38%
Gemeinde MärstettenOttoberg
38%
Gemeinde PfynPfyn
38%
Gemeinde RickenbachRickenbach b. Wil
38%
Gemeinde RoggwilRoggwil
38%
Gemeinde SalmsachSalmsach
38%
Gemeinde StettfurtStettfurt
38%
Gemeinde ThundorfThundorf
38%
Gemeinde Tobel-TägerschenTobel
38%
Gemeinde UttwilUttwil
38%
Gemeinde Zihlschlacht-SitterdorfZihlschlacht
38%
Gemeinde Basadingen-SchlattingenBasadingen
31%
Gemeinde BirwinkenBirwinken
31%
Gemeinde MärstettenBoltshausen
31%
Gemeinde Birwinken | Gemeinde Egnach | Gemeinde Uesslingen-BuchBuch
31%
Gemeinde AffeltrangenBuch bei Märwil
31%
Gemeinde Fischingen | Gemeinde Kradolf-SchönenbergBuhwil
31%
Gemeinde KemmentalDotnacht
31%
Gemeinde DozwilDozwil
31%
Gemeinde KemmentalEllighausen
31%
Gemeinde ErlenEngishofen
31%
Gemeinde EschenzEschenz
31%
Gemeinde Amriswil | Gemeinde SchönholzerswilenHagenwil
31%
Gemeinde Hauptwil-GottshausHauptwil
31%
Gemeinde HefenhofenHefenhofen
31%
Gemeinde EschlikonHurnen
31%
Gemeinde HüttwilenHüttwilen
31%
Gemeinde Bichelsee-BalterswilIfwil
31%
Gemeinde MünsterlingenLandschlacht
31%
Gemeinde BussnangMettlen
31%
Gemeinde EgnachNeukirch
31%
Gemeinde Kradolf-SchönenbergNeukirch an der Thur
31%
Gemeinde BussnangReuti
31%
Gemeinde SalensteinSalenstein
31%
Gemeinde MünsterlingenScherzingen
31%
Gemeinde Basadingen-SchlattingenSchlattingen
31%
Gemeinde SchönholzerswilenSchönholzerswilen
31%
Gemeinde BischofszellSchweizersholz
31%
Gemeinde KemmentalSiegershausen
31%
Gemeinde Zihlschlacht-SitterdorfSitterdorf
31%
Gemeinde MünchwilenSt. Margarethen
31%
Gemeinde Tobel-TägerschenTägerschen
31%
Gemeinde WagenhausenWagenhausen
31%
Gemeinde Warth-WeiningenWarth
31%
Gemeinde Warth-WeiningenWeiningen
31%
Gemeinde KemmentalAltishausen
25%
Gemeinde Amlikon-BisseggAmlikon
25%
Gemeinde BettwiesenBettwiesen
25%
Gemeinde AadorfEttenhausen
25%
Gemeinde WagenhausenEtzwilen
25%
Gemeinde ArbonFrasnacht
25%
Gemeinde BussnangFriltschen
25%
Gemeinde FrauenfeldGerlikon
25%
Gemeinde HerdernHerdern
25%
Gemeinde LangrickenbachHerrenhof
25%
Gemeinde HohentannenHohentannen
25%
Gemeinde HomburgHörhausen
25%
Gemeinde WuppenauHosenruck
25%
Gemeinde KemmentalHugelshofen
25%
Gemeinde LengwilIllighausen
25%
Gemeinde Bichelsee-BalterswilItaslen
25%
Gemeinde Amlikon-BisseggJunkholz-Bissegg
25%
Gemeinde SirnachLittenheid
25%
Gemeinde ThundorfLustdorf
25%
Gemeinde SalensteinMannenbach
25%
Gemeinde SchönholzerswilenMetzgersbuhwil
25%
Gemeinde BürglenMoos
25%
Gemeinde NeunfornOberneunforn
25%
Gemeinde SchlattOberschlatt
25%
Gemeinde FischingenOberwangen
25%
Gemeinde BussnangPuppikon
25%
Gemeinde RaperswilenRaperswilen
25%
Gemeinde SchönholzerswilenRitzisbuhwil
25%
Gemeinde Hauptwil-GottshausSt. Pelagiberg
25%
Gemeinde WängiTuttwil
25%
Gemeinde SchlattUnterschlatt
25%
Gemeinde EschlikonWallenwil
25%
Gemeinde WeinfeldenWeerswilen
25%
Gemeinde AadorfWittenwil
25%
Gemeinde WuppenauWuppenau
25%
Gemeinde AffeltrangenZezikon
25%
Gemeinde LangrickenbachZuben
25%
Gemeinde KemmentalAlterswilen
19%
Gemeinde WängiAnetswil
19%
Gemeinde Amlikon-BisseggBänikon
19%
Gemeinde KemmentalBätershausen
19%
Gemeinde SirnachBusswil
19%
Gemeinde Lengwil | Gemeinde PfynDettighofen
19%
Gemeinde LangrickenbachEggethof
19%
Gemeinde KemmentalEngelswilen
19%
Gemeinde HüttlingenEschikofen
19%
Gemeinde RoggwilFreidorf
19%
Gemeinde SchönholzerswilenHagenbuch
19%
Gemeinde EgnachHegi
19%
Gemeinde HohentannenHeldswil
19%
Gemeinde BraunauHittingen
19%
Gemeinde Amlikon-BisseggHub
19%
Gemeinde WängiHunzikon
19%
Gemeinde WigoltingenIllhart
19%
Gemeinde BürglenIstighofen
19%
Gemeinde LommisKalthäusern
19%
Gemeinde GachnangKefikon
19%
Gemeinde ErlenKümmertshausen
19%
Gemeinde SchönholzerswilenLaachen
19%
Gemeinde BürglenLeimbach
19%
Gemeinde WäldiLipperswil
19%
Gemeinde KemmentalLippoldswilen
19%
Gemeinde BirwinkenMattwil
19%
Gemeinde BergMauren
19%
Gemeinde KemmentalNeuwilen
19%
Gemeinde NeunfornNiederneunforn
19%
Gemeinde GachnangNiederwil
19%
Gemeinde BussnangOberbussnang
19%
Gemeinde GachnangOberwil
19%
Gemeinde BürglenOpfershofen
19%
Gemeinde BussnangOppikon
19%
Gemeinde ErlenRiedt
19%
Gemeinde BussnangRothenhausen
19%
Gemeinde AmriswilSchocherswil
19%
Gemeinde EgnachSteinebrunn
19%
Gemeinde ErmatingenTriboltingen
19%
Gemeinde HüttwilenUerschhausen
19%
Gemeinde Uesslingen-BuchUesslingen
19%
Gemeinde FischingenVogelsang
19%
Gemeinde WäldiWäldi
19%
Gemeinde AadorfWeiern
19%
Gemeinde Bussnang | Gemeinde LommisWeingarten
19%
Gemeinde WuppenauWelfensberg
19%
Gemeinde BussnangWertbühl
19%
Gemeinde ThundorfWetzikon
19%
Gemeinde SirnachWiezikon b. Sirnach
19%
Gemeinde EgnachWinden
19%
Gemeinde AadorfAawangen
13%
Gemeinde AmriswilAlmensberg
13%
Gemeinde SchlattAltparadies
13%
Gemeinde BergAndhausen
13%
Gemeinde EgnachBalgen
13%
Gemeinde AmriswilBiessenhofen
13%
Gemeinde WigoltingenBonau
13%
Gemeinde FrauenfeldBühl
13%
Gemeinde SulgenDonzhausen
13%
Gemeinde WängiEggetsbühl
13%
Gemeinde WigoltingenEngwang
13%
Gemeinde WäldiEngwilen
13%
Gemeinde ErlenEnnetaach
13%
Gemeinde SalensteinFruthwilen
13%
Gemeinde BergGraltshausen
13%
Gemeinde BischofszellHalden
13%
Gemeinde BirwinkenHapperswil
13%
Gemeinde WigoltingenHasli
13%
Gemeinde HefenhofenHatswil
13%
Gemeinde WäldiHefenhausen
13%
Gemeinde RaperswilenHelsighausen
13%
Gemeinde RomanshornHolz
13%
Gemeinde Uesslingen-BuchHorben
13%
Gemeinde WagenhausenKaltenbach
13%
Gemeinde AffeltrangenKaltenbrunnen
13%
Gemeinde WängiKrillberg
13%
Gemeinde WängiLachen
13%
Gemeinde WigoltingenLamperswil
13%
Gemeinde HerdernLanzenneunforn
13%
Gemeinde SchönholzerswilenLeutenegg
13%
Gemeinde SchlattNeuparadies
13%
Gemeinde AmriswilNiederaach
13%
Gemeinde BussnangNiederhof
13%
Gemeinde Bichelsee-BalterswilNiederhofen
13%
Gemeinde HüttwilenNussbaumen
13%
Gemeinde LengwilOberhofen
13%
Gemeinde EgnachOlmishausen
13%
Gemeinde AmriswilRäuchlisberg
13%
Gemeinde Zihlschlacht-SitterdorfRiet
13%
Gemeinde LangrickenbachRutishausen
13%
Gemeinde LangrickenbachSchönenbaumgarten
13%
Gemeinde KemmentalSchwaderloh
13%
Gemeinde RomanshornSpitz
13%
Gemeinde ArbonStachen
13%
Gemeinde BussnangStehrenberg
13%
Gemeinde DiessenhofenSt. Katharinental
13%
Gemeinde FischingenTannegg
13%
Gemeinde SchönholzerswilenWeiblingen
13%
Gemeinde DiessenhofenWillisdorf
13%
Gemeinde HerdernAmmernhausen
6%
Gemeinde BirwinkenAndwil
6%
Gemeinde HefenhofenAuenhofen
6%
Gemeinde EschenzBornhausen
6%
Gemeinde HefenhofenBrüschwil
6%
Gemeinde ErlenBuchackern
6%
Gemeinde RaperswilenBüren
6%
Gemeinde EgnachErdhausen
6%
Gemeinde FrauenfeldErzenholz
6%
Gemeinde Amlikon-BisseggFimmelsberg
6%
Gemeinde RaperswilenFischbach
6%
Gemeinde WigoltingenGehrau
6%
Gemeinde SirnachGloten
6%
Gemeinde SulgenGötighofen
6%
Gemeinde Amlikon-BisseggGriesenberg
6%
Gemeinde MüllheimGrüneck
6%
Gemeinde WäldiGunterswilen
6%
Gemeinde MatzingenHalingen
6%
Gemeinde HüttlingenHarenwilen
6%
Gemeinde WäldiHattenhausen
6%
Gemeinde WigoltingenHäusern
6%
Gemeinde AadorfHäuslenen
6%
Gemeinde WuppenauHeiligkreuz
6%
Gemeinde WängiHeiterschen
6%
Gemeinde SulgenHessenreuti
6%
Gemeinde HomburgHinterhomburg
6%
Gemeinde Amlikon-BisseggHolzhäusern
6%
Gemeinde Amlikon-BisseggHünikon
6%
Gemeinde Uesslingen-BuchIselisberg
6%
Gemeinde BirwinkenKlarsreuti
6%
Gemeinde HefenhofenKressibuch
6%
Gemeinde MüllheimLangenhart
6%
Gemeinde BussnangLanterswil
6%
Gemeinde Zihlschlacht-SitterdorfLeutswil
6%
Gemeinde Hauptwil-GottshausMollishaus
6%
Gemeinde GachnangOberfeld
6%
Gemeinde HomburgOberhörstetten
6%
Gemeinde FrauenfeldOsterhalden
6%
Gemeinde HomburgReckenwil
6%
Gemeinde WagenhausenRheinklingen
6%
Gemeinde RoggwilRiedern
6%
Gemeinde MatzingenRistenbühl
6%
Gemeinde WängiRosenberg
6%
Gemeinde GachnangRosenhuben
6%
Gemeinde WuppenauRudenwil
6%
Gemeinde HomburgSalen-Reutenen
6%
Gemeinde BussnangSchmidshof
6%
Gemeinde HefenhofenSonnenberg
6%
Gemeinde WäldiSonterswil
6%
Gemeinde GachnangStrass
6%
Gemeinde Amlikon-BisseggStrohwilen
6%
Gemeinde SchönholzerswilenToos
6%
Gemeinde Uesslingen-BuchTrüttlikon
6%
Gemeinde HomburgUnterhörstetten
6%
Gemeinde WigoltingenWagerswil
6%
Gemeinde LangrickenbachWaldhof
6%
Gemeinde Amlikon-BisseggWolfikon
6%
Gemeinde EgnachBaumannshaus
0%
Gemeinde HohentannenBernhausen
0%
Gemeinde Uesslingen-BuchDietingen
0%
Gemeinde Hauptwil-GottshausEberswil
0%
Gemeinde RoggwilEsserswil
0%
Gemeinde EgnachFetzisloh
0%
Gemeinde WuppenauGreutensberg
0%
Gemeinde EgnachHagenbuchen
0%
Gemeinde FischingenHaushalden
0%
Gemeinde HefenhofenHumisfeld
0%
Gemeinde SalmsachHungerbühl
0%
Gemeinde EgnachKuglersgreut
0%
Gemeinde EgnachLanggreut
0%
Gemeinde BirwinkenLenzenhaus
0%
Gemeinde Amlikon-BisseggLeutmerken
0%
Gemeinde EgnachRingenzeichen
0%
Gemeinde GachnangSandbüel
0%

Verteilung der Resultate

Perzentil nach korrekt beantworteten Fragen

Anzahl Personen mit jedem Resultat

Ihre Resultats-Entwicklung

Sie haben dieses Quiz noch nicht gespielt